Loga 50 najpopularniejszych stron w Polsce - Statystyki

Ogólne statystyki
  • Ten quiz został rozwiązany 72 razy
  • Średni wynik to 40 z 50
Statystyki odpowiedzi
Obrazkowy Hint Odpowiedź % Poprawnych
Porównywarka cen Ceneo
100%
Social Media Facebook
100%
Wyszukiwarka Google
100%
Social Media Instagram
100%
Streaming Netflix
100%
Social Media Youtube
100%
Sprzedaż internetowa Allegro
98%
Sprzedaż internetowa Biedronka
98%
Sprzedaż internetowa H&M
98%
Sprzedaż internetowa Lidl
98%
Wiadomości Onet
98%
Muzyka Spotify
98%
Nauka Wikipedia
98%
Wiadomości Interia
97%
Social Media TikTok
97%
Social Media Twitter
97%
Wiadomości Wirtualna Polska
97%
Płatności Paypal
95%
Sprzedaż internetowa OLX
93%
Bank PKO
93%
Bank mBank
92%
Sprzedaż internetowa Amazon
89%
Telekomunikacja Play
89%
Bank ING
87%
Noclegi Booking
85%
Telekomunikacja Plus
85%
Sprzedaż internetowa CCC
84%
Sprzedaż internetowa Empik
84%
Sprzedaż internetowa Rossmann
84%
Bank Santander
84%
Telekomunikacja T-Mobile
84%
Telekomunikacja Orange
82%
Filmy Filmweb
79%
Wiadomości Pudelek
79%
Social Media Nasza Klasa
77%
Sprzedaż internetowa Zalando
77%
Sprzedaż internetowa Media Markt
75%
Udostępnianie plików Chomikuj
69%
Bank Alior
66%
Memy Kwejk
64%
Memy Demotywatory
62%
Social Media Linkedin
62%
Wiadomości O2
49%
Sprzedaż internetowa Ebay
46%
Internet Netia
39%
Wiadomości Money
38%
Internet Vectra
38%
Wiadomości Gazeta
36%
Sprzedaż internetowa Aliexpress
28%
Wiadomości Bankier
13%
Nie znaleziono quizów pasujących do podanych kryteriów
Rozkład punktacji
Procent ludzi z każdym wynikiem
Percentyl według liczby udzielonych odpowiedzi
Twoja historia wyników
Nie rozwiązałeś tego quizu